01393 a2200241 45000010006000000050017000060080041000230030015000640400040000790800032001192450155001510200022003062640059003283000019003875050502004061000028009087000022009367000019009587000021009777000036009987000018010348560099010524604220260407155733.0260407a2014 arg spa dAR-UNSa-BCEJYS aAR-UNSa-BCEJYSbspacAR-UNSa-BCEJYS a330(82)xEconomia Argentina10aUn régimen consolidado de bienestar con desigualdades sociales persistentespclaroscuros en el desarollo humano y la integración social (201-2013) a978-987-620-265-7 1aBuenos Aires :bFundación Católica Argentinac2014 a257 p.c27 cm. a1. Capacidad de subsistencia económica de los hogares / Julieta Vera – 2. Hábitat urbano, vivienda digna, accesos a servicios públicos y condiciones ambientales saludables / Juan Ignacio Bonfiglio – 3. Derechos laborales y seguridad social / Eduardo Donza – 4. Condiciones y prevención de la salud, recursos psicológicos y redes de contención social / Solange Rodríguez Espínola – 5. Cultura democrática, confianza institucional y vida ciudadana / Carolina Moreno. 1 aBonfiglio, Juan Ignacio1 aSalvia, Agustín1 aDonza, Eduardo1 aMoreno, Carolina1 aRodríguez Espínola, Solange1 aVera, Julieta41uhttps://www.biblioeco.unsa.edu.ar/pmb/images/libros/L127289.jpgyImagen de portadaqimage/jpeg